|
|
|
|
| LEADER |
00662nam a2200229 a 4500 |
| 001 |
000325903 |
| 003 |
CZ BrMZK |
| 005 |
20040122130411.0 |
| 007 |
ta |
| 008 |
010907s1990 xo f slo d |
| 040 |
|
|
|a BOA001
|b cze
|
| 080 |
|
|
|a 885.4-32(081)
|2 MRF
|
| 100 |
1 |
|
|a Lenčo, Ján,
|d 1933-2012
|7 jo20010084531
|4 aut
|
| 245 |
1 |
0 |
|a Pravidlá a výnimky /
|c Ján Lenčo
|
| 250 |
|
|
|a 1. vyd.
|
| 260 |
|
|
|a Bratislava :
|b Práca,
|c 1990
|
| 300 |
|
|
|a 158 s.
|
| 490 |
1 |
|
|a Život ;
|v zv. 1/90
|
| 830 |
|
0 |
|a Život (Práca)
|
| 910 |
|
|
|a BOA001
|b 2-0962.297
|
| 990 |
|
|
|a BK
|
| 996 |
7 |
|
|b 2619344698
|c 2-0962.297
|l MZK
|r Sklad / do 1 hodiny
|n 0
|w 000325903
|u 000010
|a 1
|e BOA001
|j MZK50
|s A
|